| 000 | 00791nam a2200217 a 4500 | ||
|---|---|---|---|
| 001 | 000044980 | ||
| 003 | DO-SdBNP | ||
| 005 | 20220809110611.0 | ||
| 007 | ta | ||
| 008 | 150127s1937 dr 000 0 spa d | ||
| 040 |
_aDO-SdBNP _bspa _cBNPHU |
||
| 082 |
_axxx _bI37 |
||
| 100 |
_aIncháustegui Cabral, Joaquín Marino, _957343 _d1908-1967 |
||
| 245 | 1 | 0 |
_aDon Trujillo : _bla República Dominicana en el aire / _cMarino Inchaustegui. |
| 260 |
_aCiudad Trujillo, República Dominicana, : _b[La voz del partido dominicano], _c1937. |
||
| 300 |
_a97 p. ; _c21 cm. |
||
| 500 | _aColección de disertaciones por radio, trasmitidas por la estación H.I.N. "La voz del partido dominicano" en onda de 26.6 metros. | ||
| 590 | _aInventariado, 2022/ YL | ||
| 910 | _aYLockward | ||
| 942 |
_2ddc _cLBS1 |
||
| 999 |
_c44469 _d44469 |
||